China : Surpassing the Middle Income Trap.

Bibliographic Details
Main Author: Zhou, Shaojie.
Other Authors: Hu, Angang.
Format: eBook
Language:English
Published: Singapore : Springer Singapore Pte. Limited, 2020.
Edition:1st ed.
Series:Contemporary China Studies
Subjects:
Online Access:Click to View
LEADER 05638nam a22004453i 4500
001 EBC6363143
003 MiAaPQ
005 20231204023215.0
006 m o d |
007 cr cnu||||||||
008 231204s2020 xx o ||||0 eng d
020 |a 9789811565403  |q (electronic bk.) 
020 |z 9789811565397 
035 |a (MiAaPQ)EBC6363143 
035 |a (Au-PeEL)EBL6363143 
035 |a (OCoLC)1243554414 
040 |a MiAaPQ  |b eng  |e rda  |e pn  |c MiAaPQ  |d MiAaPQ 
050 4 |a HC411-495 
082 0 |a 339.351 
100 1 |a Zhou, Shaojie. 
245 1 0 |a China :  |b Surpassing the Middle Income Trap. 
250 |a 1st ed. 
264 1 |a Singapore :  |b Springer Singapore Pte. Limited,  |c 2020. 
264 4 |c ©2021. 
300 |a 1 online resource (230 pages) 
336 |a text  |b txt  |2 rdacontent 
337 |a computer  |b c  |2 rdamedia 
338 |a online resource  |b cr  |2 rdacarrier 
490 1 |a Contemporary China Studies 
505 0 |a China: Surpassing the"Middle Income Trap" -- Contents -- List of Figures -- List of Tables -- Chapter 1: What Is the "Middle Income Trap"? -- 1.1 Proposition of the "Middle Income Trap" -- 1.2 Definition of the "Middle Income Trap" -- 1.2.1 Absolute Criteria -- 1.2.2 Relative Criteria -- 1.3 Overcoming the "Middle Income Trap": A Comparison of East Asia and Latin America -- 1.3.1 A Comparative Analysis of Countries and Regions in Asia in Overcoming the "Middle Income Trap" -- 1.3.2 Latin American Countries Ensnared by the "Middle Income Trap" -- 1.3.3 A Comparison of the Two Groups of Countries -- 1.4 Why Does the "Middle Income Trap" Emerge? -- Chapter 2: How Did China Overcome the "Poverty Trap"? -- 2.1 The Analytical Framework of Multidimensional Poverty -- 2.2 Stagnant Development in China's Contemporary History Plunged the Country into Poverty -- 2.3 Achievements in Development During China's Planned Economy Era -- 2.4 Economic Development and Poverty Reduction -- 2.4.1 Rural Economic Reform and Poverty Reduction -- 2.4.2 SOE Reform and Development of Private Sector Economy -- 2.5 Poverty Alleviation and Development Serve as a Powerful Tool for Overcoming the "Poverty Trap" -- 2.5.1 Poverty Alleviation Policies During Different Development Stages -- 2.5.2 Performance Evaluation of China's Poverty Alleviation Efforts -- 2.6 The Global Effect of China's Poverty Alleviation Efforts -- Chapter 3: Will China Fall into the "Middle Income Trap"? -- 3.1 Development Challenges During the Middle-Income Stage -- 3.1.1 The Challenge in the Transformation of the Economic Growth Model -- 3.1.2 The Environmental Resource Challenge -- 3.1.3 Challenge of an Aging Population -- 3.1.4 The Income Gap Challenge -- 3.1.5 The Social Stability Challenge -- 3.1.6 Political Development and Political Stability. 
505 8 |a 3.2 Favorable Conditions for China to Overcome the "Middle Income Trap" -- 3.2.1 Steady Transition of the Economic System and Maturing of Macroeconomic Management -- 3.2.2 Continual Improvement in National Capacity for Strategic Planning -- 3.2.3 Modernized Infrastructure Provides Essential Support for Economic Development -- 3.2.4 China Already Fulfills the Essential Preconditions for Innovation-Driven Development -- 3.2.5 China's Capacity for Green Development Continues to Grow -- 3.2.6 China Actively Participates in Globalization and Global Governance -- 3.2.7 The Superiority of the Socialist System Provides the Political Foundation for Overcoming the "Middle Income Trap" -- 3.2.8 Summary -- Chapter 4: How Can China Overcome the "Middle Income Trap"? -- 4.1 Breaking Out of the Middle-Income Trap Through the "Five Development Concepts" -- 4.1.1 Avoiding the Total Factor Productivity Trap Through Innovation-Driven Development -- 4.1.2 Avoiding the Urbanization Trap Through Coordinated Development -- 4.1.3 Avoiding the Ecological Environment Trap Through Green Development -- 4.1.4 Avoiding the Dependency Trap Through Open Development -- 4.1.5 Avoiding the Inequity Trap Through Shared Development -- 4.2 Supply-Side Structural Reform Is the Key to Overcoming the "Middle Income Trap" -- 4.2.1 The Three Rationale Behind Supply-Side Structural Reform -- 4.2.2 Supply-Side Structural Reform Ushers in China's New Normal -- 4.2.3 How to Promote Supply-Side Structural Reform: The Formula -- 4.3 Supply-Side Structural Reform: China's Practical and Theoretical Innovation -- Chapter 5: Looking Ahead: China Becoming a High-Income Economy -- 5.1 Income Group Classification of China's Provincial Regions -- 5.1.1 Absolute Income Method -- 5.1.2 Relative Income Method -- 5.2 A Region-by-Region Statistical Analysis of Overcoming the "Middle Income Trap" in China. 
505 8 |a 5.3 Forecast and Outlook for China's Overcoming of the "Middle Income Trap" -- 5.4 Formation of the Chinese Path -- 5.5 The Global Significance of China's Overcoming of the "Middle Income Trap" -- Epilogue. 
588 |a Description based on publisher supplied metadata and other sources. 
590 |a Electronic reproduction. Ann Arbor, Michigan : ProQuest Ebook Central, 2023. Available via World Wide Web. Access may be limited to ProQuest Ebook Central affiliated libraries.  
655 4 |a Electronic books. 
700 1 |a Hu, Angang. 
776 0 8 |i Print version:  |a Zhou, Shaojie  |t China: Surpassing the Middle Income Trap  |d Singapore : Springer Singapore Pte. Limited,c2020  |z 9789811565397 
797 2 |a ProQuest (Firm) 
830 0 |a Contemporary China Studies 
856 4 0 |u https://ebookcentral.proquest.com/lib/matrademy/detail.action?docID=6363143  |z Click to View